000
00263nam a22001217a 4500
003
SGT
082
_a
618.2
_b
E15S
100
_a
SESHADRI, LAKSHMI
245
_a
ESSENTIALS OF OBSTETRICS
260
_a
INDIA
_b
WOLTERS
_c
2015
300
_a
930
942
_2
ddc
_c
BK
_0
19
999
_c
14983
_d
14983